| 000 | 00783nas a2200253 4500 | ||
|---|---|---|---|
| 001 | BR9207493 | ||
| 003 | BR-BrBNA | ||
| 005 | 20231205093009.0 | ||
| 007 | ta | ||
| 008 | 230509b bl.|||p| |||| 00| 00por d | ||
| 040 |
_aBR-BrBNA _bpor _cBiblioteca Nacional de Agricultura |
||
| 041 | _a(Pt) | ||
| 072 | _aL53 | ||
| 100 | 1 | _aLessa, R.P. | |
| 245 | 1 | _aContribuicao ao conhecimento da biologia de Carcharhinus porosus Ranzani, 1839 (Pisces, chondrichthyes)das reentrancias maranhenses | |
| 650 | _aSICURI-BRANCO | ||
| 650 | _aSEXO | ||
| 650 | _aPESO | ||
| 650 | _aESPERMATOZOIDE | ||
| 650 | _aVETERINARIA | ||
| 773 | 0 |
_tActa Amazonica (Brazil) _xISSN 0044-5967 _g(1986-1987), v. 16-17 p. 73-86 _wBR9207493 |
|
| 909 |
_a202311 _bLúcia _c55 _dLúcia Elande |
||
| 942 |
_2AGRIS _n0 _cANA |
||
| 999 |
_c135577 _d135577 |
||